Golden Algebra (Record no. 71505)

000 -LEADER
fixed length control field 00612nam a22002057a 4500
003 - CONTROL NUMBER IDENTIFIER
control field NUST - PNEC
005 - DATE AND TIME OF LATEST TRANSACTION
control field 20170116181202.0
008 - FIXED-LENGTH DATA ELEMENTS--GENERAL INFORMATION
fixed length control field 160217b xxu||||| |||| 00| 0 eng d
020 ## - INTERNATIONAL STANDARD BOOK NUMBER
International Standard Book Number 9789380298252
040 ## - CATALOGING SOURCE
Transcribing agency LIBRARY
082 ## - DEWEY DECIMAL CLASSIFICATION NUMBER
Classification number 512 BAL
100 ## - MAIN ENTRY--PERSONAL NAME
9 (RLIN) 16493
Personal name Bali , N. P.
245 ## - TITLE STATEMENT
Title Golden Algebra
Statement of responsibility, etc. N. P. Bali
250 ## - EDITION STATEMENT
Edition statement -
260 ## - PUBLICATION, DISTRIBUTION, ETC.
Place of publication, distribution, etc. New Delhi:
Name of publisher, distributor, etc. Firewall Media
Date of publication, distribution, etc. c.2011
300 ## - PHYSICAL DESCRIPTION
Extent 368 pages
650 ## - SUBJECT ADDED ENTRY--TOPICAL TERM
9 (RLIN) 16491
Topical term or geographic name entry element Algebra
General subdivision ME
856 ## - ELECTRONIC LOCATION AND ACCESS
Uniform Resource Identifier <a href="http://www.amazon.com/Golden-Algebra-N-P-Bali/dp/9380298250/ref=sr_1_1?ie=UTF8&qid=1455709450&sr=8-1&keywords=9789380298252">http://www.amazon.com/Golden-Algebra-N-P-Bali/dp/9380298250/ref=sr_1_1?ie=UTF8&qid=1455709450&sr=8-1&keywords=9789380298252</a>
942 ## - ADDED ENTRY ELEMENTS (KOHA)
Source of classification or shelving scheme
Koha item type Book
Holdings
Withdrawn status Lost status Source of classification or shelving scheme Damaged status Not for loan Permanent Location Current Location Shelving location Date acquired Source of acquisition Cost, normal purchase price Total Checkouts Full call number Barcode Date last seen Cost, replacement price Price effective from Koha item type
          Pakistan Navy Engineering College (PNEC) Pakistan Navy Engineering College (PNEC)   01/08/2016 Siddiqui Enterprises / 374.00   512 BAL PNECLIB-032660 02/17/2016 374.00 01/08/2016 Book
© 2023 Central Library, National University of Sciences and Technology. All Rights Reserved.